000 00951nam a22002897a 4500
001 6839
003 FISKH
005 20250530093717.0
008 250530b cb ||||| |||| 00| 0 eng d
020 _a9780439333221
040 _aFISKH
_beng
_cFISKH
_dFISKH
050 _aPZ73 .G84
082 _a 513.2
100 _aGuy, Ginger Foglesong
245 _aFiesta! /
_cby Ginger Foglesong Guy ; Pictures by Rene King Moreno
250 _aFIrst Scholastic printing, September 2001
260 _aNew York :
_bScholastic,
_c1996.
300 _a32 unnumbered pages :
_bcolor illustrations ;
_c21 x 26 cm
505 _aJ
520 _aBilingual text describes a children's party and provides practice counting in English and Spanish.
521 8 _a490
_bLexile AD
521 8 _aJ
_bRaz-Plus
650 _aCelebrations
_vMulticultural
_xDiversity
700 _aMoreno, Rene King
_eillustrator
942 _2ddc
_cBK
_n0
999 _c6839
_d6839